| 000 | 00668nam a22001457a 4500 | ||
|---|---|---|---|
| 008 | 230623b |||||||| |||| 00| 0 eng d | ||
| 040 |
_aNational Science Library _cNational Science Library |
||
| 080 |
_aR 5/6:171(058.7) _bL8 |
||
| 245 |
_aEvist resource directory: _bA directory of programs and courses in the field of ethics and values in science and technology _c/ Office of Science Education American Association for the Advancement of Science |
||
| 260 |
_aWashington, D.C.: _bOffice of Science Education American Association for the Advancement of Science, _c1978 |
||
| 300 | _aviii, 207p. | ||
| 650 | _aScience | ||
| 653 | _aTechnology | ||
| 942 |
_2udc _cDIR |
||
| 999 |
_c46953 _d46953 |
||